|
|
|
|
| LEADER |
00000nab a2200000 a 4500 |
| 001 |
vtls000787745 |
| 003 |
SK-MaSNL |
| 005 |
20260305035817.0 |
| 008 |
250429c2001 xo 0 slo |
| 015 |
|
|
|a SNBRB2002/03-10148
|
| 035 |
|
|
|a CLN000139400
|
| 035 |
|
|
|a urn:nbn:sk:snk-ab98up
|
| 035 |
|
|
|a (urnnbn)urn:nbn:sk:snk:ar-a08208
|
| 035 |
|
|
|a (uuid)b3306f72-59a1-4155-be66-e7a65c5cc32f
|
| 040 |
|
|
|a SNKBUCL
|b slo
|c SNKBUCL
|e AACR2
|
| 041 |
0 |
|
|a slo
|
| 044 |
|
|
|a xo
|c SK
|
| 080 |
|
|
|a 937"-00/01"
|2 1997
|
| 080 |
|
|
|a 936.3"-00/01"
|2 1997
|
| 100 |
1 |
|
|a Klubert, Tomáš,
|d 1972-
|4 aut
|9 242849
|
| 245 |
1 |
0 |
|a Staroveká tridsaťročná vojna
|b nenaplnený sen o Veľkej Germánii
|c Tomáš Klubert
|
| 300 |
|
|
|b Obr.
|
| 504 |
|
|
|a Bibliogr. odkazy
|
| 648 |
|
7 |
|a 14 pr.n.l.-16 n.l.
|2 snkbucl
|9 1618753
|
| 648 |
|
7 |
|a stor. 1. pr.n.l.-1. n.l.
|2 snkbucl
|9 1618754
|
| 650 |
0 |
7 |
|a Rimania
|2 SNKPH
|9 247503
|
| 650 |
0 |
7 |
|a Germáni
|2 SNKPH
|9 73420
|
| 650 |
0 |
7 |
|a starovek
|2 SNKPH
|9 4258
|
| 650 |
0 |
7 |
|a stredovek
|2 SNKPH
|9 4259
|
| 650 |
0 |
7 |
|a ozbrojené konflikty
|2 SNKPH
|9 4455
|
| 651 |
|
7 |
|a Rímska ríša
|2 SNKPH
|9 212347
|
| 651 |
|
7 |
|a Taliansko
|x dejiny
|2 snkbucl
|9 163805
|
| 651 |
|
7 |
|a Nemecko
|x dejiny
|2 snkbucl
|9 27870
|
| 651 |
|
7 |
|a Európa stredná
|2 snkbucl
|9 23970
|
| 655 |
|
7 |
|a články z novín a časopisov
|2 snkbucl
|9 267496
|
| 773 |
0 |
|
|t História
|g Roč. 1, č. 4 (2001), s. 2-4
|x 2457-2000
|
| 850 |
|
|
|a Slovenská národná knižnica
|
| 852 |
|
|
|a Slovenská národná knižnica
|
| 954 |
|
|
|a odborná, vedecká literatúra pôvodná (slovenská)
|2 lita
|
| 958 |
|
|
|a article13
|
| 958 |
|
|
|a NB
|
| 958 |
|
|
|a IT
|
| 958 |
|
|
|a DE
|
| 958 |
|
|
|a OND
|
| 958 |
|
|
|a EUIPO
|
| 992 |
|
|
|a RBX
|
| 999 |
|
|
|c 3335695
|d 3337625
|